All Countries to Win Medals in Team Events at the 2020 Olympics - Statistics

General Stats
  • This quiz has been taken 79 times
  • The average score is 31 of 42
Answer Stats
Answer % Correct
China
98%
Brazil
97%
ROC
97%
Australia
95%
Canada
95%
France
95%
Great Britain
95%
Japan
95%
United States
95%
Germany
92%
New Zealand
90%
South Korea
90%
Spain
90%
Italy
89%
Jamaica
87%
Argentina
84%
Norway
84%
Poland
84%
Sweden
84%
Netherlands
83%
Hungary
81%
Belgium
79%
Mexico
79%
India
78%
Serbia
71%
Denmark
70%
Greece
70%
Ukraine
70%
Switzerland
68%
Bulgaria
65%
Romania
65%
Slovakia
65%
Ireland
63%
Fiji
60%
Chinese Taipei
59%
Israel
54%
Belarus
48%
Dominican Republic
46%
Latvia
44%
Qatar
32%
Botswana
21%
Hong Kong
21%
No matching quizzes found
Score Distribution
Percent of People with Each Score
Percentile by Number Answered
Your Score History
You have not taken this quiz